Vista normal
Vista MARC
Entrada Encabezamiento personal
Número de registros utilizados en: 3
001 - NÚMERO DE CONTROL
- campo de control: 161
003 - IDENTIFICADOR DEL NÚMERO DE CONTROL
- campo de control: vecauma
005 - FECHA Y HORA DE LA ÚLTIMA TRANSACCIÓN
- campo de control: 20220328133233.0
008 - DATOS DE LONGITUD FIJA
- campo de control de longitud fija: 220328|| aca||aabn | a|a d
040 ## - FUENTE DE LA CATALOGACIÓN
- Centro catalogador/agencia de origen: vecauma
100 1# - ENCABEZAMIENTO-NOMBRE DE PERSONA
- Nombre de persona: Díaz, Carlos,
- Fechas asociadas al nombre: 1944-
400 1# - TRAZADO DE VÉASE--NOMBRE DE PERSONA
- Nombre personal: Díaz Hernández, Carlos
- Fechas asociadas con el nombre: 1944-
670 ## - FUENTE EN LA QUE SE LOCALIZARON DATOS
- Cita de la fuente: Catálogo de Autoridades de la Biblioteca Nacional de España, 2022
- Información localizada: (Carlos Díaz)
670 ## - FUENTE EN LA QUE SE LOCALIZARON DATOS
- Cita de la fuente: Este hombre, este mundo, 2005
- Información localizada: portada (Carlos Díaz) contra cubierta (Carlos Díaz, profesor de Fenomenología de la Religión en la Universidad Complutense, es doctor en Filosofía y licenciado en Derecho. Es fundador de los Institutos Enmanuel Mounier en España, México, Paraguay y Argentina).
